Thermal environmental engineering (Record no. 13003)

000 -LEADER
fixed length control field 00498nam a2200193 4500
001 - CONTROL NUMBER
control field 13003
003 - CONTROL NUMBER IDENTIFIER
control field BD-DhUET
008 - FIXED-LENGTH DATA ELEMENTS--GENERAL INFORMATION
fixed length control field 700513s1970 njuad b 001 0 eng
020 ## - INTERNATIONAL STANDARD BOOK NUMBER
International Standard Book Number 139147217
040 ## - CATALOGING SOURCE
Original cataloging agency DLC
Transcribing agency DLC
Modifying agency BD-DhUET
082 ## - DEWEY DECIMAL CLASSIFICATION NUMBER
Classification number 697.93
Item number THR/1970
100 1# - MAIN ENTRY--PERSONAL NAME
Personal name Threlkeld, James L.
245 10 - TITLE STATEMENT
Title Thermal environmental engineering
250 ## - EDITION STATEMENT
Edition statement 2nd ed.
260 ## - PUBLICATION, DISTRIBUTION, ETC. (IMPRINT)
Place of publication, distribution, etc. New Jersey
Name of publisher, distributor, etc. Prentice-Hall
Date of publication, distribution, etc. 1970
300 ## - PHYSICAL DESCRIPTION
Extent xvi, 495 p.
Other physical details illus.
Dimensions 25 cm.
650 #0 - SUBJECT ADDED ENTRY--TOPICAL TERM
Topical term or geographic name as entry element Air Conditioning
942 ## - ADDED ENTRY ELEMENTS (KOHA)
Koha item type General Book
Holdings
Lost status Koha full call number Piece designation (barcode) Shelving location Koha normalized classification for sorting Location (home branch) Source of classification or shelving scheme Copy number Price effective from Sublocation or collection (holding branch) Koha date last seen Koha item type Date acquired Not for loan Damaged status Withdrawn status
 697.93/THR/197047970Circulation section697_930000000000000_THR_1970Central Library, BUET 12015-02-28Central Library, BUET2015-02-28General Book2015-02-28   
 697.93/THR/197055662Circulation section697_930000000000000_THR_1970Central Library, BUET 22015-02-28Central Library, BUET2015-02-28General Book2015-02-28   
 697.93/THR/197017689Circulation section697_930000000000000_THR_1970Central Library, BUET 32015-05-17Central Library, BUET2015-05-17General Book2015-05-17   
 697.93/THR/197017690Circulation section697_930000000000000_THR_1970Central Library, BUET 42015-05-17Central Library, BUET2015-05-17General Book2015-05-17   
 697.93/THR/197017691Circulation section697_930000000000000_THR_1970Central Library, BUET 52015-05-17Central Library, BUET2015-05-17General Book2015-05-17   
 697.93/THR/197017692Circulation section697_930000000000000_THR_1970Central Library, BUET 62015-05-17Central Library, BUET2015-05-17General Book2015-05-17   
 697.93/THR/197017693Circulation section697_930000000000000_THR_1970Central Library, BUET 72015-05-17Central Library, BUET2015-05-17General Book2015-05-17   
 697.93/THR/197019442Circulation section697_930000000000000_THR_1970Central Library, BUET 82015-05-17Central Library, BUET2015-05-17General Book2015-05-17   
 697.93/THR/197025333Circulation section697_930000000000000_THR_1970Central Library, BUET 92015-05-17Central Library, BUET2015-05-17General Book2015-05-17   
 697.93/THR/197025334Circulation section697_930000000000000_THR_1970Central Library, BUET 102015-05-17Central Library, BUET2015-05-17General Book2015-05-17